[Event "Mercredi 2016.01.05 ABCD"]
[Site "Montreal CAN"]
[Date "2016.02.03"]
[Round "5"]
[White "Gates, Claude-Eric"]
[Black "Beaulieu, Pierre"]
[Result "1-0"]
[WhiteElo "1813"]
[BlackElo "1872"]
[PlyCount "103"]
[EventDate "2016.01.06"]
[EventType "tourn"]
[EventRounds "5"]
[EventCountry "CAN"]

1. e4 b6 2. d4 Bb7 3. Bd3 e6 4. Nf3 Nf6 5. Qe2 d5 6. exd5 Nxd5 7. O-O Be7 8. a3
O-O 9. c4 Nf6 10. Nc3 Nbd7 11. Re1 Re8 12. Ne4 c5 13. Bg5 cxd4 14. Nxd4 Bxe4
15. Bxe4 Nxe4 16. Bxe7 Qxe7 17. Qxe4 Qc5 18. Nf3 Rac8 19. Rac1 Nf6 20. Qe5 Nd7
21. Qe4 Nf6 22. Qe5 Kf8 23. Red1 Qxe5 24. Nxe5 Ke7 25. Kf1 Rc7 26. Rc2 Rd8 27.
Rxd8 Kxd8 28. Ke2 Ne8 29. b4 f6 30. Nd3 Nd6 31. Nb2 Ke7 32. Kd3 e5 33. f3 Rd7
34. Kc3 Nf5 35. Nd3 h5 36. a4 h4 37. Re2 Kf7 38. Re4 g5 39. c5 Nd4 40. Rxe5 h3
41. gxh3 Nxf3 42. Rf5 Nh4 43. Ne5+ Ke6 44. Nxd7 Nxf5 45. cxb6 axb6 46. Nxb6 Kd6
47. Kd3 Kc6 48. Nc4 Kd5 49. Ne3+ Nxe3 50. Kxe3 Kc4 51. b5 Kc5 52. Ke4 1-0

[Event "Mercredi 2016.01.05 ABCD"]
[Site "Montreal CAN"]
[Date "2016.02.03"]
[Round "5"]
[White "Jacquet, Stephane"]
[Black "Lebeau, Gilbert"]
[Result "1-0"]
[WhiteElo "1972"]
[BlackElo "2055"]
[PlyCount "59"]
[EventDate "2016.01.06"]
[EventType "tourn"]
[EventRounds "5"]
[EventCountry "CAN"]

1. d4 d5 2. Nc3 Nf6 3. Bg5 e6 4. e4 Be7 5. e5 Nfd7 6. h4 O-O 7. Bd3 f5 8. exf6
Nxf6 9. Qe2 c5 10. dxc5 Nc6 11. O-O-O Bxc5 12. Nh3 Qa5 13. Bxf6 Rxf6 14. Qh5 g6
15. Qg5 Be7 16. h5 Rf5 17. Qg3 d4 18. hxg6 h6 19. Bxf5 dxc3 20. Qxc3 Qxc3 21.
bxc3 exf5 22. Nf4 Bg5 23. g3 Kg7 24. Rhe1 a5 25. Re8 Rb8 26. Rd6 Bxf4+ 27. gxf4
a4 28. Rd1 a3 29. Rde1 Ra8 30. f3 1-0

[Event "Mercredi 2016.01.05 ABCD"]
[Site "Montreal CAN"]
[Date "2016.01.25"]
[Round "5"]
[White "Millette, Sylvain"]
[Black "Gauthier, Luc"]
[Result "0-1"]
[WhiteElo "1770"]
[BlackElo "1769"]
[PlyCount "64"]
[EventDate "2016.01.06"]
[EventType "tourn"]
[EventRounds "5"]
[EventCountry "CAN"]

1. d4 f5 2. Nf3 Nf6 3. g3 e6 4. Bg2 Be7 5. O-O O-O 6. c4 d6 7. Nc3 Qe8 8. Qc2
Qh5 9. e4 e5 10. dxe5 dxe5 11. exf5 Bxf5 12. Qe2 Bg4 13. Qxe5 Nc6 14. Qxh5 Nxh5
15. Nd2 Rad8 16. Nd5 Bc5 17. Ne4 Bd4 18. Be3 Be2 19. Bxd4 Bxf1 20. Bc5 Bxg2 21.
Kxg2 Rfe8 22. Re1 Kf7 23. Nxc7 Rg8 24. Nd6+ Kg6 25. Nxb7 Rb8 26. b3 Rxb7 27.
Re6+ Nf6 28. Rxc6 Rc8 29. Bd6 Kf7 30. Rc5 Ne4 31. Nb5 Nxc5 32. Bxc5 Rxb5 0-1

[Event "Mercredi 2016.01.05 ABCD"]
[Site "Montreal CAN"]
[Date "2016.02.03"]
[Round "5"]
[White "Nardone, Raul"]
[Black "Nunez, Omar"]
[Result "1/2-1/2"]
[WhiteElo "1806"]
[BlackElo "1924"]
[PlyCount "30"]
[EventDate "2016.01.06"]
[EventType "tourn"]
[EventRounds "5"]
[EventCountry "CAN"]

1. d4 d5 2. c4 e6 3. Nc3 Nf6 4. Bg5 Be7 5. e3 O-O 6. Nf3 Nbd7 7. Rc1 c6 8. Bd3
Re8 9. O-O h6 10. Bh4 a6 11. cxd5 exd5 12. Bb1 Ne4 13. Bxe7 Qxe7 14. Nxe4 dxe4
15. Nd2 Nf6 1/2-1/2

[Event "Mercredi 2016.01.05 ABCD"]
[Site "Montreal CAN"]
[Date "2016.02.03"]
[Round "5"]
[White "Ouellet, Maili-Jade"]
[Black "Lalonde, Paul"]
[Result "1/2-1/2"]
[WhiteElo "2039"]
[BlackElo "1966"]
[PlyCount "78"]
[EventDate "2016.01.06"]
[EventType "tourn"]
[EventRounds "5"]
[EventCountry "CAN"]

1. d4 Nf6 2. c4 e6 3. Nc3 Bb4 4. Qc2 c5 5. e3 Nc6 6. Nf3 d5 7. a3 cxd4 8. axb4
dxc3 9. bxc3 b6 10. b5 Ne7 11. cxd5 Qxd5 12. c4 Qd7 13. Ba3 Bb7 14. Rd1 Qc7 15.
Bd6 Qc8 16. Be2 Ne4 17. Be5 f6 18. Bf4 Ng6 19. Bd3 f5 20. Ne5 Nxf4 21. exf4 O-O
22. O-O Rd8 23. Rfe1 Qc5 24. Bf1 Rac8 25. Re3 g5 26. Rxd8+ Rxd8 27. Nd3 Qe7 28.
fxg5 Qxg5 29. Qa2 f4 30. Rh3 Nc5 31. Ne1 Rd1 32. Qc2 Rd7 33. Nf3 Qg7 34. Qe2
Rd3 35. Ng5 Rxh3 36. Nxh3 f3 37. Qd2 fxg2 38. Qd8+ Qf8 39. Qg5+ Qg7 1/2-1/2

[Event "Mercredi 2016.01.05 ABCD"]
[Site "Montreal CAN"]
[Date "2016.02.03"]
[Round "5"]
[White "Pomerantz, Daniel"]
[Black "Have, Didier"]
[Result "0-1"]
[WhiteElo "2024"]
[BlackElo "2050"]
[PlyCount "102"]
[EventDate "2016.01.06"]
[EventType "tourn"]
[EventRounds "5"]
[EventCountry "CAN"]

1. e4 d5 2. exd5 Nf6 3. d4 Bg4 4. Be2 Bxe2 5. Qxe2 Qxd5 6. Nf3 e6 7. O-O Nc6 8.
c4 Nxd4 9. Nxd4 Qxd4 10. Nc3 c6 11. Be3 Qg4 12. f3 Qf5 13. Rad1 Bc5 14. Qf2
Bxe3 15. Qxe3 O-O 16. Rd2 Qa5 17. Rfd1 Qb6 18. Qxb6 axb6 19. a3 Ra5 20. Rd8 Ra8
21. R8d4 Ra5 22. Rd8 g6 23. Kf2 Kg7 24. Rxf8 Kxf8 25. Rd8+ Ke7 26. Rb8 Ra7 27.
g4 Nd7 28. Rh8 Ne5 29. Rxh7 Nxc4 30. Nd1 Ra5 31. Rh8 Rb5 32. Rb8 Nxb2 33. Rxb7+
Kf6 34. Nc3 Rb3 35. Ne4+ Ke5 36. Rxf7 Rxa3 37. Rg7 Nd3+ 38. Kg3 b5 39. Rxg6 b4
40. Rg5+ Kd4 41. h4 b3 42. h5 Ke3 43. Nc3 Ra8 44. h6 Kd2 45. Na4 Rxa4 46. h7 b2
47. h8=Q b1=Q 48. Qh2+ Ke3 49. Kh4 Ra2 50. Qh3 Qe1+ 51. Kh5 Nf4+ 0-1

[Event "Mercredi 2016.01.05 ABCD"]
[Site "Montreal CAN"]
[Date "2016.02.03"]
[Round "5"]
[White "Zumsteg, Nicolas"]
[Black "Dumouchel, Alain"]
[Result "0-1"]
[WhiteElo "1776"]
[BlackElo "1748"]
[PlyCount "25"]
[EventDate "2016.01.06"]
[EventType "tourn"]
[EventRounds "5"]
[EventCountry "CAN"]

1. e4 e5 2. Nf3 Nc6 3. Bc4 Bc5 4. b4 Bb6 5. c3 a6 6. d4 Nf6 7. d5 Nb8 8. Bg5 d6
9. Nbd2 Nbd7 10. O-O h6 11. Bh4 O-O 12. h3 g5 13. Bg3 {...} 0-1

[Event "Mercredi 2016.02.17 ABCD"]
[Site "Montreal CAN"]
[Date "2016.02.17"]
[Round "1"]
[White "Blanchet, Robert"]
[Black "Zumsteg, Nicolas"]
[Result "0-1"]
[WhiteElo "1805"]
[BlackElo "1800"]
[PlyCount "74"]
[EventDate "2016.02.17"]
[EventType "tourn"]
[EventRounds "5"]
[EventCountry "CAN"]

1. e4 c5 2. Nf3 g6 3. d4 cxd4 4. Nxd4 Nf6 5. Nc3 Nc6 6. Be2 Bg7 7. Be3 O-O 8.
Qd2 d5 9. Nxc6 bxc6 10. exd5 cxd5 11. Bd4 e6 12. O-O Bd7 13. Rfe1 Qc7 14. Bf3
Ne8 15. a4 Bxd4 16. Qxd4 Qb6 17. Qxb6 axb6 18. Be2 Nd6 19. Red1 Rfc8 20. Bb5
Bxb5 21. axb5 Rxa1 22. Rxa1 d4 23. Na4 Rxc2 24. Kf1 Nxb5 25. Rb1 Rc6 26. Ke2 e5
27. Kd3 f5 28. f3 Kf7 29. h4 h5 30. Re1 Ke6 31. Re2 Kd5 32. Rc2 e4+ 33. fxe4+
fxe4+ 34. Kd2 Nd6 35. b3 b5 36. Nb2 Rxc2+ 37. Kxc2 Nf5 0-1

[Event "Mercredi 2016.02.17 ABCD"]
[Site "Montreal CAN"]
[Date "2016.02.17"]
[Round "1"]
[White "Boudreau, Daniel"]
[Black "Lopez Linares, Lizandro"]
[Result "0-1"]
[WhiteElo "2119"]
[BlackElo "2218"]
[PlyCount "56"]
[EventDate "2016.02.17"]
[EventType "tourn"]
[EventRounds "5"]
[EventCountry "CAN"]

1. e4 c6 2. d4 d5 3. exd5 cxd5 4. c4 Nf6 5. Nc3 Nc6 6. Bg5 e6 7. Nf3 Be7 8. Bd3
O-O 9. a3 dxc4 10. Bxc4 h6 11. Bh4 b6 12. O-O Bb7 13. Qd3 Rc8 14. Rad1 Nd5 15.
Bxe7 Ncxe7 16. Ba2 Nf5 17. Ne2 Qf6 18. Ne5 Rfd8 19. Bb1 g6 20. Ng4 Qg5 21. h3
h5 22. f4 Qh4 23. Ne5 Nde3 24. Nf3 Bxf3 25. Rxf3 Nxd1 26. Qxd1 Qf6 27. g4 hxg4
28. hxg4 Nxd4 0-1

[Event "Mercredi 2016.02.17 ABCD"]
[Site "Montreal CAN"]
[Date "2016.02.17"]
[Round "1"]
[White "Brassard, Sylvain"]
[Black "Lessard, Sylvain"]
[Result "1-0"]
[WhiteElo "1814"]
[BlackElo "1785"]
[PlyCount "77"]
[EventDate "2016.02.17"]
[EventType "tourn"]
[EventRounds "5"]
[EventCountry "CAN"]

1. d4 Nf6 2. Bg5 Ne4 3. Bf4 c5 4. f3 Qa5+ 5. c3 Nf6 6. Nd2 d5 7. Nb3 Qd8 8.
Bxb8 Rxb8 9. Nxc5 a6 10. Qa4+ b5 11. Qc2 e6 12. b4 Bd6 13. e3 e5 14. g3 O-O 15.
Kf2 Re8 16. a4 g6 17. axb5 axb5 18. Ra5 Qe7 19. Qd2 e4 20. f4 Ng4+ 21. Kg2 Bd7
22. h3 Nh6 23. Ra7 Rbd8 24. Bxb5 Bxc5 25. dxc5 Qe6 26. Bxd7 Rxd7 27. Rxd7 Qxd7
28. Ne2 Ra8 29. c4 Nf5 30. cxd5 Ra3 31. Nc3 Qb7 32. Rb1 Rxc3 33. Qxc3 Qxd5 34.
Ra1 f6 35. c6 Qb5 36. Kf2 Nxg3 37. Kxg3 Qe2 38. Qe1 Qf3+ 39. Kh2 1-0

[Event "Mercredi 2016.02.17 ABCD"]
[Site "Montreal CAN"]
[Date "2016.02.17"]
[Round "1"]
[White "Cloutier, Mathieu"]
[Black "Beaulieu, Pierre"]
[Result "1-0"]
[WhiteElo "2056"]
[BlackElo "1816"]
[PlyCount "77"]
[EventDate "2016.02.17"]
[EventType "tourn"]
[EventRounds "5"]
[EventCountry "CAN"]

1. e4 b6 2. d4 Bb7 3. Nc3 e6 4. Nf3 Nf6 5. Bd3 Bb4 6. e5 Ne4 7. O-O Nxc3 8.
bxc3 Bxc3 9. Bg5 Qc8 10. Rb1 h6 11. Be3 Bd5 12. Nd2 Bxa2 13. Ne4 Ba5 14. Qg4
Kf8 15. Rb2 Bd5 16. Nf6 Qd8 17. Nh7+ Rxh7 18. Bxh7 Nc6 19. Bd3 Bc3 20. Rbb1 f5
21. exf6 Qxf6 22. Rbd1 Kg8 23. h4 Nb4 24. Bg5 hxg5 25. hxg5 Qf7 26. g6 Qf6 27.
Qh5 Kf8 28. f4 Ke7 29. Kh2 Bxd4 30. g4 Qf8 31. c4 Bc6 32. Bb1 Bc5 33. Qh4+ Ke8
34. Rde1 Be7 35. g5 Kd8 36. f5 exf5 37. Rxf5 Bd6+ 38. Kh3 Qg8 39. Qh7 1-0

[Event "Mercredi 2016.02.17 ABCD"]
[Site "Montreal CAN"]
[Date "2016.02.17"]
[Round "1"]
[White "Dumouchel, Alain"]
[Black "Jean, Robert"]
[Result "1-0"]
[WhiteElo "1769"]
[BlackElo "1715"]
[PlyCount "90"]
[EventDate "2016.02.17"]
[EventType "tourn"]
[EventRounds "5"]
[EventCountry "CAN"]

1. e4 c5 2. Nf3 Nc6 3. Nc3 d6 4. d4 cxd4 5. Nxd4 Nf6 6. Be2 e5 7. Nb3 Be6 8.
O-O Be7 9. Be3 O-O 10. Re1 d5 11. exd5 Nxd5 12. Nxd5 Bxd5 13. Bf1 Be6 14. Qe2
Qc7 15. Nc5 Bf5 16. Qf3 Bg6 17. Bb5 Nb4 18. Nd7 Rfd8 19. Rad1 Bd6 20. c3 Nc2
21. Re2 Nxe3 22. Qxe3 Rxd7 23. Bxd7 Qxd7 24. Red2 f6 25. Rxd6 Qa4 26. a3 h6 27.
f3 Kh7 28. R1d2 Qb3 29. Rd7 a5 30. Rc7 b5 31. Rdd7 Rg8 32. Qa7 Kh8 33. Qf2 Bf5
34. Rd2 Qa2 35. g4 Be6 36. Kg2 a4 37. h4 Qb3 38. Qe3 Qa2 39. g5 Qb1 40. Qe4 Qc1
41. Qe2 Qb1 42. Kf2 Qh1 43. Qe4 Qh2+ 44. Ke3 f5 45. Rxh2 fxe4 1-0

[Event "Mercredi 2016.02.17 ABCD"]
[Site "Montreal CAN"]
[Date "2016.02.17"]
[Round "1"]
[White "Gates, Claude-Eric"]
[Black "Nesterov, Timour"]
[Result "0-1"]
[WhiteElo "1772"]
[BlackElo "1715"]
[PlyCount "76"]
[EventDate "2016.02.17"]
[EventType "tourn"]
[EventRounds "5"]
[EventCountry "CAN"]

1. c4 Nf6 2. g3 c6 3. Bg2 d5 4. Nf3 Bf5 5. O-O e6 6. Qb3 Qb6 7. d3 Nbd7 8. Nbd2
h6 9. Re1 Nc5 10. Qc2 Be7 11. cxd5 cxd5 12. Nd4 Bh7 13. N2b3 O-O 14. h3 Rfc8
15. Qd1 a5 16. Be3 a4 17. Nd2 e5 18. N4f3 Qe6 19. Bxc5 Bxc5 20. b3 e4 21. bxa4
exf3 22. Nxf3 Bb4 23. Rf1 Re8 24. Qb3 Qe7 25. e3 Rec8 26. Rab1 Bc5 27. Rfd1 Ra6
28. Rbc1 Rac6 29. d4 Bd6 30. Rxc6 Rxc6 31. Kh2 Bc2 32. Qb5 Bxd1 33. Nh4 Bc2 34.
a5 Be4 35. Bf1 Nh5 36. Be2 Qxh4 37. Bxh5 Qxh5 38. Qxb7 Qf3 0-1

[Event "Mercredi 2016.02.17 ABCD"]
[Site "Montreal CAN"]
[Date "2016.02.17"]
[Round "1"]
[White "Gauthier, Luc"]
[Black "Baran, Marius"]
[Result "1-0"]
[WhiteElo "1759"]
[BlackElo "1719"]
[PlyCount "47"]
[EventDate "2016.02.17"]
[EventType "tourn"]
[EventRounds "5"]
[EventCountry "CAN"]

1. e4 e5 2. f4 exf4 3. Nf3 Nc6 4. Nc3 d6 5. d4 Nf6 6. Bc4 Be7 7. Bxf4 O-O 8.
Qe2 a6 9. O-O b5 10. Bb3 Na5 11. Rad1 Nxb3 12. axb3 Bb7 13. d5 Nd7 14. Nd4 Bf6
15. Nf5 Ne5 16. Rde1 Kh8 17. Nd1 Qd7 18. Nde3 Rae8 19. c3 Ng6 20. Qf3 Be5 21.
Bxe5 Nxe5 22. Qg3 g6 23. Qh4 Rg8 24. Qf6+ 1-0

[Event "Mercredi 2016.02.17 ABCD"]
[Site "Montreal CAN"]
[Date "2016.02.17"]
[Round "1"]
[White "Jacquet, Stephane"]
[Black "Tremblay, Alain"]
[Result "0-1"]
[WhiteElo "2060"]
[BlackElo "2177"]
[PlyCount "112"]
[EventDate "2016.02.17"]
[EventType "tourn"]
[EventRounds "5"]
[EventCountry "CAN"]

1. d4 d5 2. c4 dxc4 3. e3 Nf6 4. Bxc4 a6 5. Nf3 e6 6. O-O c5 7. Qe2 Be7 8. dxc5
Bxc5 9. e4 Qc7 10. Bg5 Nc6 11. e5 Nd7 12. Rd1 b5 13. Bb3 Bb7 14. Nc3 Ncxe5 15.
Nxe5 Qxe5 16. Qd3 Bc6 17. Bh4 O-O 18. Rac1 Rac8 19. Bc2 g6 20. Bg3 Qg5 21. a4
Nf6 22. axb5 axb5 23. Qd2 Qg4 24. Qe2 Qg5 25. Qd2 Qxd2 26. Rxd2 b4 27. Ne2 Bd5
28. Rcd1 b3 29. Bb1 Bb4 30. Rd4 Bc5 31. Ra4 Ra8 32. Rxa8 Rxa8 33. Nc3 Bc6 34.
Kf1 Bb4 35. Ke2 Bxg2 36. f3 Bxc3 37. bxc3 Nd5 38. Be5 f6 39. Bd4 f5 40. Be5 Rc8
41. Kf2 f4 42. Rxd5 exd5 43. Kxg2 Ra8 44. c4 dxc4 45. Kf2 b2 46. Be4 Ra1 47.
Bd5+ Kf8 48. Bxb2 Ra2 49. Bxc4 Rxb2+ 50. Kg1 Ke7 51. Bg8 Kf6 52. Bd5 g5 53. h3
Ke5 54. Bc6 Kd4 55. Be4 Ke3 56. Bc6 Rf2 0-1

[Event "Mercredi 2016.02.17 ABCD"]
[Site "Montreal CAN"]
[Date "2016.02.17"]
[Round "1"]
[White "Langlois-Remillard, Alexis"]
[Black "Barko, Maxim"]
[Result "1-0"]
[WhiteElo "1891"]
[BlackElo "1839"]
[PlyCount "77"]
[EventDate "2016.02.17"]
[EventType "tourn"]
[EventRounds "5"]
[EventCountry "CAN"]

1. d4 Nf6 2. c4 e6 3. g3 c5 4. Nf3 cxd4 5. Nxd4 d5 6. Bg2 e5 7. Nf3 d4 8. O-O
Nc6 9. a3 a5 10. b3 Bc5 11. Bb2 O-O 12. Nbd2 Re8 13. Qc2 e4 14. Ng5 d3 15. exd3
exd3 16. Qd1 Bf5 17. Bxf6 gxf6 18. Nxf7 Kxf7 19. Qh5+ Bg6 20. Qxc5 Re5 21. Bd5+
Kg7 22. Rae1 Rf5 23. f4 Bh5 24. Nf3 Bg4 25. Qe3 Rxd5 26. cxd5 Qxd5 27. Rd1 Rd8
28. b4 axb4 29. axb4 Bxf3 30. Rxf3 Nxb4 31. Qe7+ Kg8 32. Kg2 Nc2 33. Rdxd3 Qxd3
34. Rxd3 Rxd3 35. Qxb7 Ne1+ 36. Kf2 Nf3 37. Qc8+ Kg7 38. Qc7+ Kg6 39. Qc2 1-0

[Event "Mercredi 2016.02.17 ABCD"]
[Site "Montreal CAN"]
[Date "2016.02.17"]
[Round "1"]
[White "Nardone, Raul"]
[Black "Millette, Sylvain"]
[Result "1/2-1/2"]
[WhiteElo "1815"]
[BlackElo "1776"]
[PlyCount "51"]
[EventDate "2016.02.17"]
[EventType "tourn"]
[EventRounds "5"]
[EventCountry "CAN"]

1. d4 d5 2. Nf3 Nf6 3. e3 g6 4. c4 Bg7 5. Nc3 O-O 6. cxd5 Nxd5 7. Bd2 c5 8. Rc1
cxd4 9. exd4 Nc6 10. Qb3 Be6 11. Qxb7 Nxd4 12. Ng5 Nxc3 13. Nxe6 Nxe6 14. bxc3
Qa5 15. Bc4 Nc5 16. Qb4 Qxb4 17. cxb4 Nd7 18. Ba6 Be5 19. O-O Rab8 20. Rc6 Rb6
21. Rxb6 Nxb6 22. Be3 Nd5 23. Bc5 Rb8 24. b5 Nc7 25. Bxa7 Ra8 26. Bc5 1/2-1/2

[Event "Mercredi 2016.02.17 ABCD"]
[Site "Montreal CAN"]
[Date "2016.02.17"]
[Round "1"]
[White "Nunez, Omar"]
[Black "Struben, Jeroen"]
[Result "1/2-1/2"]
[WhiteElo "1945"]
[BlackElo "1828"]
[PlyCount "62"]
[EventDate "2016.02.17"]
[EventType "tourn"]
[EventRounds "5"]
[EventCountry "CAN"]

1. f4 Nf6 2. e3 d5 3. b4 g6 4. Bb2 Bg7 5. Nf3 O-O 6. Be2 c5 7. bxc5 Qa5 8. O-O
Qxc5 9. a4 Nc6 10. Nd4 Re8 11. Nxc6 bxc6 12. Bd4 Qa5 13. Bc3 Qc7 14. Be5 Qa5
15. c4 Ba6 16. cxd5 Bxe2 17. Qxe2 cxd5 18. Nc3 Nd7 19. Bxg7 Kxg7 20. f5 Nf6 21.
fxg6 hxg6 22. Rab1 Rab8 23. Qd3 Rh8 24. h3 Qc7 25. Rxb8 Qxb8 26. Nxd5 Rxh3 27.
Nf4 Rh4 28. Qb1 Qxb1 29. Rxb1 g5 30. Nh3 Rxa4 31. Nxg5 Ne4 1/2-1/2

[Event "Mercredi 2016.02.17 ABCD"]
[Site "Montreal CAN"]
[Date "2016.02.24"]
[Round "2"]
[White "Beaulieu, Pierre"]
[Black "Barko, Maxim"]
[Result "1-0"]
[WhiteElo "1816"]
[BlackElo "1839"]
[PlyCount "121"]
[EventDate "2016.02.17"]
[EventType "tourn"]
[EventRounds "5"]
[EventCountry "CAN"]

1. b3 e5 2. Bb2 Nc6 3. e3 Nf6 4. Bb5 Bd6 5. Na3 a6 6. Bxc6 dxc6 7. Nc4 Qe7 8.
d4 e4 9. Ne2 Bg4 10. h3 Bh5 11. Qd2 Bg6 12. O-O O-O 13. a4 Rfe8 14. Rfe1 Rad8
15. Nxd6 Qxd6 16. Ba3 Qd7 17. c4 Re5 18. Kh2 Rg5 19. Nf4 Bf5 20. Rh1 Nh5 21.
Bb2 Nxf4 22. exf4 Rh5 23. Qe3 Qe7 24. Kg1 Rh6 25. Re1 Qd6 26. Kf1 Qe6 27. Ke2
Qe7 28. g4 Bc8 29. Qg3 c5 30. d5 c6 31. Qc3 f6 32. Rhg1 cxd5 33. cxd5 Rg6 34.
f5 Rh6 35. Rd1 Rd7 36. Bc1 Rh4 37. g5 Rd6 38. gxf6 Qxf6 39. Qxf6 Rxf6 40. Bg5
Rhh6 41. Bxh6 Rxh6 42. d6 Bd7 43. Rg3 Kf7 44. Ke3 Kf6 45. Kxe4 Bxf5+ 46. Kf3
Bd7 47. Kg2 Rh4 48. Rc1 b6 49. Rd1 Rd4 50. Rxd4 Bc6+ 51. Kf1 cxd4 52. Ke2 b5
53. a5 Bd5 54. Kd3 g6 55. Kxd4 Bh1 56. Kc5 Ke6 57. Re3+ Kd7 58. Re7+ Kd8 59.
Rxh7 Bf3 60. h4 Kc8 61. b4 1-0

[Event "Mercredi 2016.02.17 ABCD"]
[Site "Montreal CAN"]
[Date "2016.02.24"]
[Round "2"]
[White "Cloutier, Mathieu"]
[Black "Nunez, Omar"]
[Result "1-0"]
[WhiteElo "2056"]
[BlackElo "1945"]
[PlyCount "45"]
[EventDate "2016.02.17"]
[EventType "tourn"]
[EventRounds "5"]
[EventCountry "CAN"]

1. e4 d5 2. exd5 Qxd5 3. Nc3 Qa5 4. d4 Nf6 5. Bc4 Nc6 6. Nge2 Bg4 7. f3 Bh5 8.
Bd2 O-O-O 9. a3 Nxd4 10. Nxd4 Rxd4 11. Nb5 Re4+ 12. fxe4 Qb6 13. Be2 Nxe4 14.
Rf1 Bg6 15. Nc3 Nxd2 16. Qxd2 e6 17. O-O-O Bd6 18. Nb5 Rd8 19. Nxd6+ cxd6 20.
Rf3 Kb8 21. Qb4 Rc8 22. Rc3 Rxc3 23. Qxc3 1-0

[Event "Mercredi 2016.02.17 ABCD"]
[Site "Montreal CAN"]
[Date "2016.02.24"]
[Round "2"]
[White "Gates, Claude-Eric"]
[Black "Dumouchel, Alain"]
[Result "1-0"]
[WhiteElo "1772"]
[BlackElo "1769"]
[PlyCount "95"]
[EventDate "2016.02.17"]
[EventType "tourn"]
[EventRounds "5"]
[EventCountry "CAN"]

1. e4 e5 2. Nf3 Nc6 3. Bb5 a6 4. Ba4 Nf6 5. O-O b5 6. Bb3 Be7 7. Re1 O-O 8. c3
d6 9. h3 Na5 10. Bc2 c5 11. d4 Qc7 12. Nbd2 Be6 13. Nf1 Rfc8 14. d5 Bd7 15. b3
Ne8 16. Ng3 g6 17. h4 Ng7 18. Bh6 Nb7 19. Qd2 f6 20. h5 Nd8 21. hxg6 hxg6 22.
Nh4 Be8 23. Kh2 f5 24. Nhxf5 gxf5 25. Bxg7 f4 26. Nf5 Bg6 27. Bxe5 Bxf5 28.
Bxf4 Bg6 29. Re3 Bf6 30. Rg3 Qh7+ 31. Rh3 Qe7 32. Rg3 Qh7+ 33. Rh3 Qf7 34. Rh1
Nb7 35. Rg3 Bg7 36. Kg1 Rf8 37. Be3 Rae8 38. Rh4 b4 39. Rhg4 bxc3 40. Qe2 Qd7
41. Rxg6 Rf7 42. Bh6 Ree7 43. Qg4 Qxg4 44. R6xg4 Kf8 45. Rxg7 Rxg7 46. Rxc3 Kf7
47. Bxg7 Kxg7 48. g3 1-0

[Event "Mercredi 2016.02.17 ABCD"]
[Site "Montreal CAN"]
[Date "2016.02.24"]
[Round "2"]
[White "Gelet, Seymour"]
[Black "Boudreau, Daniel"]
[Result "1-0"]
[WhiteElo "2066"]
[BlackElo "2119"]
[PlyCount "97"]
[EventDate "2016.02.17"]
[EventType "tourn"]
[EventRounds "5"]
[EventCountry "CAN"]

1. d4 Nf6 2. c4 e6 3. Nf3 Bb4+ 4. Nbd2 d6 5. a3 Bxd2+ 6. Bxd2 Nbd7 7. Bg5 Qe7
8. e3 b6 9. Be2 h6 10. Bh4 Nf8 11. h3 Ng6 12. Bg3 Bb7 13. Qa4+ Nd7 14. O-O O-O
15. Rac1 a5 16. Nd2 e5 17. Bf3 Bxf3 18. Nxf3 e4 19. Nd2 f5 20. Rfe1 Nf6 21. c5
dxc5 22. dxc5 Ne5 23. Bxe5 Qxe5 24. Nc4 Qxc5 25. Nd2 Qd5 26. Red1 Rac8 27. Nf3
Qa2 28. Nd4 g6 29. b3 b5 30. Qxa5 Ra8 31. Qxb5 Qxa3 32. Rxc7 Qa6 33. Qb4 Nd5
34. Qc4 Qxc4 35. Rxc4 Nb6 36. Rc6 Nd7 37. Rxg6+ Kh7 38. Re6 Nc5 39. Re5 Nd3 40.
Rxf5 Rg8 41. Rf7+ Kg6 42. Re7 Ra2 43. Rf1 Rf8 44. Rxe4 Nxf2 45. Re6+ Kg7 46.
Re7+ Kg8 47. Ne6 Rf6 48. Nf4 Kf8 49. Re5 1-0

[Event "Mercredi 2016.02.17 ABCD"]
[Site "Montreal CAN"]
[Date "2016.02.24"]
[Round "2"]
[White "Jean, Robert"]
[Black "Gauthier, Luc"]
[Result "1-0"]
[WhiteElo "1715"]
[BlackElo "1759"]
[PlyCount "77"]
[EventDate "2016.02.17"]
[EventType "tourn"]
[EventRounds "5"]
[EventCountry "CAN"]

1. d4 f5 2. g3 Nf6 3. Bg2 e6 4. Nh3 Be7 5. O-O O-O 6. c4 d6 7. Qc2 c6 8. Nc3 e5
9. dxe5 dxe5 10. Rd1 Qc7 11. a3 a5 12. Na4 f4 13. c5 Nd5 14. e4 fxe3 15. fxe3
Be6 16. e4 Nf6 17. Nb6 Nbd7 18. Nxa8 Rxa8 19. Ng5 Bxc5+ 20. Kh1 Bg4 21. Rf1 Bh5
22. h3 Bf7 23. Nxf7 Kxf7 24. Bg5 Qb6 25. Rad1 Bd4 26. Bc1 Nc5 27. b4 axb4 28.
Qc4+ Ne6 29. axb4 Ra4 30. g4 Rxb4 31. Qa2 h6 32. h4 Ke7 33. Ba3 Nxg4 34. Qd2 c5
35. Bxb4 cxb4 36. Rb1 Bc3 37. Qxc3 Nf2+ 38. Rxf2 Qxf2 39. Qxb4+ 1-0

[Event "Mercredi 2016.02.17 ABCD"]
[Site "Montreal CAN"]
[Date "2016.02.24"]
[Round "2"]
[White "Lessard, Sylvain"]
[Black "Blanchet, Robert"]
[Result "0-1"]
[WhiteElo "1785"]
[BlackElo "1805"]
[PlyCount "92"]
[EventDate "2016.02.17"]
[EventType "tourn"]
[EventRounds "5"]
[EventCountry "CAN"]

1. c4 Nf6 2. Nc3 g6 3. g3 Bg7 4. Bg2 O-O 5. Nf3 c6 6. O-O d5 7. cxd5 Nxd5 8. e4
Nb4 9. d4 Bg4 10. Be3 e5 11. dxe5 Nd3 12. Qb3 Bxf3 13. Bxf3 Nxe5 14. Bg2 b6 15.
Rfd1 Qe7 16. Rd2 Nbd7 17. Rad1 Rad8 18. h3 Nc5 19. Qb4 Rxd2 20. Rxd2 a5 21.
Qxb6 Ncd3 22. Qb3 Ne1 23. Qd1 Nxg2 24. Kxg2 Nc4 25. Rd7 Nxe3+ 26. fxe3 Qg5 27.
Qf3 Bh6 28. Qf4 Qh5 29. Qf3 Qc5 30. Kf2 Bg7 31. e5 Qxe5 32. Qf4 Qe6 33. Rb7
Qxh3 34. Qf3 Bxc3 35. bxc3 Qe6 36. Rb2 Rd8 37. Ke2 Qc4+ 38. Kf2 Qxc3 39. Qe2
Qf6+ 40. Kg2 h5 41. Rd2 Rb8 42. Qc4 Rb1 43. Rf2 Rb2 44. Rxb2 Qxb2+ 45. Kf3 Qb5
46. Qe4 Qf1# 0-1

[Event "Mercredi 2016.02.17 ABCD"]
[Site "Montreal CAN"]
[Date "2016.02.24"]
[Round "2"]
[White "Millette, Sylvain"]
[Black "Zumsteg, Nicolas"]
[Result "0-1"]
[WhiteElo "1776"]
[BlackElo "1800"]
[PlyCount "58"]
[EventDate "2016.02.17"]
[EventType "tourn"]
[EventRounds "5"]
[EventCountry "CAN"]

1. e4 e6 2. Nf3 d5 3. exd5 exd5 4. d4 Bd6 5. g3 Nf6 6. Bg2 O-O 7. O-O Bg4 8.
Bg5 h6 9. Bxf6 Qxf6 10. Qd3 c6 11. Nbd2 Nd7 12. c4 Rfe8 13. cxd5 cxd5 14. Rfe1
Bb4 15. Rxe8+ Rxe8 16. Qb5 Bxd2 17. Ne5 Rxe5 18. dxe5 Nxe5 19. Qxd5 Bb4 20. f4
Nc6 21. Rb1 Be6 22. Qe4 Bc5+ 23. Kh1 Bxa2 24. Qe8+ Kh7 25. Be4+ g6 26. Rd1 Be6
27. Bxc6 bxc6 28. Qxc6 Bb6 29. b4 Bg4 0-1

[Event "Mercredi 2016.02.17 ABCD"]
[Site "Montreal CAN"]
[Date "2016.02.24"]
[Round "2"]
[White "Nardone, Raul"]
[Black "Brassard, Sylvain"]
[Result "1-0"]
[WhiteElo "1815"]
[BlackElo "1814"]
[PlyCount "45"]
[EventDate "2016.02.17"]
[EventType "tourn"]
[EventRounds "5"]
[EventCountry "CAN"]

1. e4 Nf6 2. e5 Nd5 3. c4 Nb6 4. d4 d6 5. exd6 cxd6 6. Nc3 g6 7. Be3 Bg7 8. Bd3
Nc6 9. Nge2 O-O 10. a3 e6 11. O-O d5 12. c5 Nd7 13. b4 Ne7 14. Bg5 f6 15. Bh4
a6 16. Bg3 e5 17. Nxd5 Nxd5 18. Bc4 Nxc5 19. dxc5 Be6 20. Qb3 f5 21. Rad1 f4
22. Bxd5 Bxd5 23. Rxd5 1-0